| 000 | 00661nab a2200205 4500 | ||
|---|---|---|---|
| 001 | 244442 | ||
| 003 | OSt | ||
| 005 | 20260107141736.0 | ||
| 007 | tu | ||
| 008 | 260107s2020||||||| | ||
| 040 |
_aDE-2950 _cDE-2950 |
||
| 245 | 0 | 0 |
_aNeuer Vorsitzender ist gewählt worden _bPersonalie. Es gibt einen Wechsel n der Spitze der Euroregion "Pro Europa Viadrina". Sascha Gehm leitet künftig MIttlere Oder e.V. _cred |
| 264 | _c2025 | ||
| 653 | _aFrankfurt (Oder) | ||
| 653 | _aMittlere Oder e.V. | ||
| 653 | _aVorsitzender | ||
| 653 | _aSascha Gehm | ||
| 773 | 0 |
_g36. Jahrgang (2025) Nr. 293 vom 17.12.2025, S. 16 mit Foto _tMärkische Oderzeitung |
|
| 942 |
_2z _cA |
||
| 999 |
_c374170 _d374170 |
||